LIBRARY & INFORMATION CENTRE, KCAET, TAVANUR

ONLINE PUBLIC ACCESS CATALOGUE (OPAC)

The Agricultural Groundwater Revolution: Opportunities and Threats to Development (Record no. 13869)

MARC details
000 -LEADER
fixed length control field 00340nam a22001337a 4500
020 ## - INTERNATIONAL STANDARD BOOK NUMBER
ISBN 9781845931728
082 ## - DEWEY DECIMAL CLASSIFICATION NUMBER
Classification number 551.49 GIO/AG
100 ## - MAIN ENTRY--AUTHOR NAME
Personal name Giordano M
100 ## - MAIN ENTRY--AUTHOR NAME
Personal name Villholth K G
245 ## - TITLE STATEMENT
Title The Agricultural Groundwater Revolution: Opportunities and Threats to Development
260 ## - PUBLICATION, DISTRIBUTION, ETC. (IMPRINT)
Place of publication UK
Name of publisher CABI
Year of publication 2007
300 ## - PHYSICAL DESCRIPTION
Number of Pages 419
942 ## - ADDED ENTRY ELEMENTS (KOHA)
Koha item type Books
Holdings
Withdrawn status Lost status Damaged status Collection code Home library Current library Shelving location Date acquired Source of acquisition Cost, normal purchase price Full call number Accession Number Koha item type
      Reference KAUAET KAUAET Reference 31/03/2012 IBPSS,Delhi 6568.00 551.49 GIO/AG 23400 Books
free website counter